Аэродинамика и тепломассообмен газодисперсных потоков: учебное пособие

Detaylı Bibliyografya
Yazar: Шиляев М. И. Михаил Иванович
Özet:В учебном пособии даются определения, классификация многофазных гетерогенных систем, в частности, газа с полидисперсными частицами, основы теории движения, теплообмена, массообмена частиц с несущим потоком, а также уравнения сохранения многофазной гетерогенной среды в представлении многоскоростных, многотемпературных взаимопро­никающих континуумов. В качестве иллюстраций применения уравнений сохранения приводятся известные из литературы задачи и задачи, решен­ные непосредственно авторами. Пособие предназначено для бакалавров, обучающихся по профилю подготовки «Теплогазоснабжение и вентиляция», и магистров направле­ния 08.03.01 «Строительство», а также будет полезно специалистам в об­ласти теплоэнергетики, химических технологий, металлургии, экологии и заинтересует научных работников и аспирантов.
Dil:Rusça
Baskı/Yayın Bilgisi: Москва, Форум, 2015
Edisyon:2-е изд., испр. и доп.
Konular:
Materyal Türü: Kitap
KOHA link:https://koha.lib.tpu.ru/cgi-bin/koha/opac-detail.pl?biblionumber=290330

MARC

LEADER 00000nam0a2200000 4500
001 290330
005 20231102000256.0
010 |a 9785911349769 
010 |a 978-5-16-010280-1 
035 |a (RuTPU)RU\TPU\book\314878 
035 |a RU\TPU\book\73246 
090 |a 290330 
100 |a 20041011d2015 m y0rusy50 ca 
101 0 |a rus 
102 |a RU 
105 |a a j 001zy 
200 1 |a Аэродинамика и тепломассообмен газодисперсных потоков  |e учебное пособие  |f М. И. Шиляев 
205 |a 2-е изд., испр. и доп. 
210 |a Москва  |c Форум  |c Инфра-М  |d 2015 
215 |a 287 с.  |c ил. 
320 |a Библиогр.: с. 282-287. 
330 |a В учебном пособии даются определения, классификация многофазных гетерогенных систем, в частности, газа с полидисперсными частицами, основы теории движения, теплообмена, массообмена частиц с несущим потоком, а также уравнения сохранения многофазной гетерогенной среды в представлении многоскоростных, многотемпературных взаимопро­никающих континуумов. В качестве иллюстраций применения уравнений сохранения приводятся известные из литературы задачи и задачи, решен­ные непосредственно авторами. Пособие предназначено для бакалавров, обучающихся по профилю подготовки «Теплогазоснабжение и вентиляция», и магистров направле­ния 08.03.01 «Строительство», а также будет полезно специалистам в об­ласти теплоэнергетики, химических технологий, металлургии, экологии и заинтересует научных работников и аспирантов. 
606 1 |a Аэродинамика  |2 stltpush  |3 (RuTPU)RU\TPU\subj\29869  |9 53103 
610 1 |a газодисперсные системы 
610 1 |a тепломассообмен 
610 1 |a аэродисперсные системы 
610 1 |a гетерогенные системы 
610 1 |a динамические взаимодействия 
610 1 |a теплообмен 
610 1 |a частицы 
610 1 |a несущие среды 
610 1 |a дисперсные системы 
610 1 |a массоперенос 
610 1 |a газодинамика 
610 1 |a сопла 
610 1 |a трубы 
610 1 |a вращающиеся диски 
610 1 |a инерционные пылеуловители 
610 1 |a осаждение 
610 1 |a барботажные аппараты 
610 1 |a учебные пособия 
675 |a 533.6(075.8)  |v 4 
700 1 |a Шиляев  |b М. И.  |g Михаил Иванович 
801 1 |a RU  |b 63413507  |c 20150406 
801 2 |a RU  |b 63413507  |c 20150608  |g RCR 
900 |a Тепломассообмен 
942 |c BK 
951 |l 8 
959 |a 34/20150406  |d 5  |e 699,90  |f ЧЗТЛ:1  |f УФ:4